banner koha

Manual de identificação e controle de doenças, pragas e deficiências nutricionais da videira (Registro n. 72823)

MARC details
000 -LÍDER
campo de controle de tamanho fixo 00999nam a22003377a 4500
001 - NÚMERO DE CONTROLE
campo de controle BR0808819
003 - IDENTIFICADOR DO NÚMERO DE CONTROLE
campo de controle BR-BrBNA
005 - DATA E HORÁRIO DA ÚLTIMA TRANSAÇÃO
campo de controle 20230928102859.0
007 - CAMPO FIXO DE DESCRIÇÃO FÍSICA--INFORMAÇÃO GERAL
campo de controle de tamanho fixo ta
008 - CAMPO DE DADOS FIXOS--INFORMAÇÃO GERAL
campo de controle de tamanho fixo 230509b bl.||||| |||| 00| 0 por d
040 ## - FONTE DA CATALOGAÇÃO
Instituição da catalogação original BR-BrBNA
Idioma da catalogação por
Instituição que transcreveu o registro Biblioteca Nacional de Agricultura
041 ## - CÓDIGO DE IDIOMA
Código do idioma do texto/trilha sonora ou título diferente (Por)
072 ## - CÓDIGO DE CATEGORIA DE ASSUNTO
Código de Categoria de Assunto H10; H20; H50
Código do objeto 0940
-- 4120
-- 4010
090 ## - NÚMERO DE CHAMADA LOCAL
-- 0940 BR0808819
100 1# - ENTRADA PRINCIPAL--NOME PESSOAL
Nome pessoal Garrido, L. da R.
100 1# - ENTRADA PRINCIPAL--NOME PESSOAL
Nome pessoal Botton, M.
100 1# - ENTRADA PRINCIPAL--NOME PESSOAL
Nome pessoal Melo, G.W.B. de
100 1# - ENTRADA PRINCIPAL--NOME PESSOAL
Nome pessoal Fajardo, T.V.M.
100 1# - ENTRADA PRINCIPAL--NOME PESSOAL
Nome pessoal Naves, R. de L.
110 1# - ENTRADA PRINCIPAL--NOME CORPORATIVO
Nome corporativo ou nome da jurisdição EMBRAPA Uva e Vinho, Bento Gonçalves, RS (Brasil)
245 1# - TÍTULO
Título Manual de identificação e controle de doenças, pragas e deficiências nutricionais da videira
260 3# - PUBLICAÇÃO, DISTRIBUIÇÃO, ETC.
Local de publicação, distribuição, etc. Bento Gonçalves, RS (Brasil):
Data da publicação, distribuição, etc. 2008.
300 ## - DESCRIÇÃO FÍSICA
Extensão 78 p.
500 ## - NOTA GERAL
Nota geral 9 ref.; 110 illus.
650 ## - ASSUNTO--TERMO TÓPICO
Cabeçalho tópico ou nome geográfico UVA
650 ## - ASSUNTO--TERMO TÓPICO
Cabeçalho tópico ou nome geográfico DOENÇA DE PLANTA
650 ## - ASSUNTO--TERMO TÓPICO
Cabeçalho tópico ou nome geográfico PRAGA DE PLANTA
650 ## - ASSUNTO--TERMO TÓPICO
Cabeçalho tópico ou nome geográfico DEFICIÊNCIA NUTRICIONAL
909 ## -
-- 202309
-- Lucia
-- 55
-- Lucia Elande
942 ## - ELEMENTOS DE ENTRADA ADICIONADOS (KOHA)
Tipo de material Koha Livros
Exemplares
Situação do descarte Fonte da classificação ou esquema de arquivamento na estante Situação física Não pode ser emprestado Coleção Biblioteca de origem Biblioteca atual Total de empréstimos Número de telefone completo Código de barras Data de último acesso Número do exemplar Tipo de material Koha Situação das perdas Data de aquisição Fonte de aquisição
  Classificação AGRIS       Biblioteca Nacional de Agricultura - Binagri Biblioteca Nacional de Agricultura - Binagri   0940 BR0808819 0940 BR0808819 25/09/2023 01 Livros   2023-09-25 Portaria Interministerial nº 164/94

BINAGRI

Telefone: (61)3218-2567/2388/3357/2097 - binagri@agro.gov.br

Ministério da Agricultura e Pecuária , Esplanada dos Ministérios, Bloco D, Anexo B, Brasília/DF, CEP: 70.043-900